00277nam a22000857a 4500100002800000245008100028260003000109300001100139700004100150 aMuhammad Shoaiba13ME15 aA Case Study of Enhance the Recovery of Gas Condensate from Raw Natural Gas  aNawabshah:bQUEST,c2016. a42p. ; aDepartment of Mechanical Engineering